[Event "RUS-chT (Women)"]
[Site "Sochi"]
[Date "2022.05.03"]
[Round "3.2"]
[White "Maltsevskaya, Aleksandra"]
[Black "Kim, Yana"]
[Result "1-0"]
[WhiteElo "2396"]
[BlackElo "1974"]
[PlyCount "83"]
[EventDate "2022.05.01"]
[EventType "team-tourn"]
[EventRounds "9"]
[EventCountry "RUS"]
[SourceTitle "CBM 208 Extra"]
[Source "ChessBase"]
[SourceDate "2022.07.31"]
[SourceVersion "1"]
[SourceVersionDate "2022.07.31"]
[SourceQuality "1"]
[WhiteTeam "Cheliabinsk Yuzhnyy Ural (W)"]
[BlackTeam "Krasnodar Krym (W)"]
[WhiteTeamCountry "RUS"]
[BlackTeamCountry "RUS"]

1. e4 e5 2. Nf3 Nc6 3. Bb5 Nf6 4. d3 Bc5 5. Bxc6 dxc6 6. Nbd2 Be6 7. 0-0 Nd7 8. Nb3 Be7 9. Na5 Rb8 10. d4 Bg4 11. dxe5 Bxf3 12. Qxf3 Nxe5 13. Qc3 Bf6 14. f4 Ng4 15. e5 Bh4 16. h3 Bf2+ 17. Rxf2 Nxf2 18. Kxf2 0-0 19. Be3 Qd5 20. Nb3 f6 21. Kg1 fxe5 22. Qxe5 Rbe8 23. Qxd5+ cxd5 24. Bd2 b6 25. Nd4 c5 26. Nf3 Re2 27. Rd1 h6 28. c3 Rfe8 29. Kf1 Kh7 30. Ne5 Re4 31. Bc1 d4 32. cxd4 cxd4 33. Kf2 Rf8 34. Nc6 d3 35. Be3 Rc4 36. Nd4 g5 37. f5 Rd8 38. Rxd3 Rc2+ 39. Kf3 Rxb2 40. Rc3 Rd7 41. Ne6 Rxa2 42. Nf8+ 1-0

[Event "RUS-chT (Women)"]
[Site "Sochi"]
[Date "2015.05.02"]
[Round "2.3"]
[White "Kim, Yana"]
[Black "Drozdova, Dina"]
[Result "0-1"]
[WhiteElo "2125"]
[BlackElo "2211"]
[PlyCount "92"]
[EventDate "2015.05.01"]
[EventType "team-swiss"]
[EventRounds "7"]
[EventCountry "RUS"]
[SourceTitle "CBM 166 Extra"]
[Source "ChessBase"]
[SourceDate "2015.06.18"]
[SourceVersion "1"]
[SourceVersionDate "2015.06.18"]
[SourceQuality "1"]
[WhiteTeam "Rostov Donchanka (W)"]
[BlackTeam "Moscow Boavista (W)"]
[WhiteTeamCountry "RUS"]
[BlackTeamCountry "RUS"]

1. e4 d6 2. d4 Nf6 3. Nc3 e5 4. Nf3 Nbd7 5. Bc4 Be7 6. 0-0 0-0 7. a4 c6 8. Ba2 exd4 9. Nxd4 Nc5 10. Qe2 a5 11. Rd1 Qb6 12. f3 Re8 13. Be3 Qc7 14. Qf2 Bd7 15. Rd2 Rad8 16. Rad1 Bc8 17. g4 Bf8 18. h3 Qb6 19. Nde2 Nfd7 20. Bd4 Qc7 21. Ng3 Nb6 22. f4 Nbxa4 23. Nxa4 Nxa4 24. f5 c5 25. Be3 b5 26. Bg5 Rd7 27. Re2 c4 28. Nh5 Nc5 29. Qf4 Kh8 30. Nf6 Re5 31. Nxd7 Bxd7 32. Rd5 f6 33. Bh4 Bc6 34. Rxe5 dxe5 35. Qf1 Nxe4 36. Bf2 Bb7 37. Be3 Ng3 38. Qe1 Nxe2+ 39. Qxe2 Qc6 40. Kh2 Qh1+ 41. Kg3 Bb4 42. c3 Bd6 43. Qd2 Qf3+ 44. Kh4 Bd5 45. Qe1 g5+ 46. fxg6 hxg6 0-1

[Event "Dvorkovich Memorial op 8th"]
[Site "Taganrog"]
[Date "2013.07.29"]
[Round "8"]
[White "Kim, Yana"]
[Black "Osipov, Adam V"]
[Result "1-0"]
[WhiteElo "1983"]
[BlackElo "2072"]
[PlyCount "77"]
[EventDate "2013.07.22"]
[EventType "swiss"]
[EventRounds "9"]
[EventCountry "RUS"]
[SourceTitle "CBM 155 Extra"]
[Source "ChessBase"]
[SourceDate "2013.08.26"]
[SourceVersion "1"]
[SourceVersionDate "2013.08.26"]
[SourceQuality "1"]

1. e4 g6 2. d4 Bg7 3. Nc3 d6 4. Be3 a6 5. a4 b6 6. Qd2 c5 7. Bc4 Bb7 8. dxc5 bxc5 9. f3 Nd7 10. Nge2 h5 11. Nf4 Ngf6 12. Qe2 Ne5 13. Ba2 Nfd7 14. Ncd5 Nb6 15. Nxb6 Qxb6 16. c3 a5 17. Qb5+ Qxb5 18. axb5 e6 19. Kd2 Ke7 20. Bb3 h4 21. h3 f5 22. exf5 c4 23. Bc2 gxf5 24. Ne2 Nd7 25. Ke1 Bf6 26. Kf2 Rhg8 27. Ra4 e5 28. Bxf5 Rgb8 29. Rha1 d5 30. Rxa5 Rxa5 31. Rxa5 Ra8 32. Rxa8 Bxa8 33. f4 exf4 34. Nxf4 Ne5 35. Ng6+ Nxg6 36. Bxg6 Kd6 37. Bf5 Ke5 38. Bc8 Ke4 39. b6 1-0

[Event "Dvorkovich Memorial op 8th"]
[Site "Taganrog"]
[Date "2013.07.26"]
[Round "5"]
[White "Zakharov, Alexander V"]
[Black "Kim, Yana"]
[Result "1-0"]
[WhiteElo "2356"]
[BlackElo "1983"]
[PlyCount "163"]
[EventDate "2013.07.22"]
[EventType "swiss"]
[EventRounds "9"]
[EventCountry "RUS"]
[SourceTitle "CBM 155 Extra"]
[Source "ChessBase"]
[SourceDate "2013.08.26"]
[SourceVersion "1"]
[SourceVersionDate "2013.08.26"]
[SourceQuality "1"]

1. e4 c5 2. Nf3 e6 3. Nc3 a6 4. g3 b5 5. Bg2 Bb7 6. e5 Nc6 7. 0-0 Qc7 8. Re1 Nge7 9. b3 Nf5 10. Bb2 Be7 11. Ne2 0-0 12. Nf4 d6 13. Nh5 d5 14. d3 Kh8 15. Bc1 c4 16. g4 Nfd4 17. Nxd4 Nxd4 18. dxc4 Bb4 19. Bd2 Bxd2 20. Qxd2 Nc6 21. cxd5 exd5 22. Qg5 Rg8 23. Nf4 Nd4 24. Nxd5 Qc5 25. b4 Qc4 26. Ne3 Qc7 27. Qf4 Bxg2 28. Kxg2 Qc6+ 29. f3 Nxc2 30. Rec1 Nxe3+ 31. Qxe3 Qe6 32. Rc2 Rgd8 33. Re1 Rd7 34. h3 Rad8 35. Ree2 h6 36. Qb3 Qb6 37. e6 fxe6 38. Qxe6 Rd6 39. Qe3 Qb7 40. Qe4 Qb6 41. Qe3 Qb7 42. Rcd2 Qd7 43. Rxd6 Qxd6 44. a3 Qd1 45. h4 Rd3 46. Qe8+ Kh7 47. h5 Rd6 48. Qe4+ Kh8 49. Qe8+ Kh7 50. Qe4+ Kh8 51. Rc2 Rd8 52. Qf5 Qe1 53. Qc5 Qd1 54. Rf2 Qd3 55. Qb6 Rd6 56. Qb8+ Rd8 57. Qc7 Rd7 58. Qc6 Rd6 59. Qe8+ Kh7 60. Qe4+ Qxe4 61. fxe4 Rd4 62. Re2 Rd3 63. e5 Kg8 64. e6 Kf8 65. Rf2+ Ke7 66. Rf7+ Kxe6 67. Rxg7 Rxa3 68. Rg6+ Kf7 69. Rxh6 Kg7 70. Rg6+ Kf7 71. Rb6 Kg7 72. g5 Ra2+ 73. Kg3 Ra4 74. Rb7+ Kg8 75. g6 Ra1 76. Kf4 Rg1 77. Kf5 Rg2 78. h6 Rf2+ 79. Ke6 Re2+ 80. Kd7 Rd2+ 81. Kc7 Rc2+ 82. Kb6 1-0

[Event "Dvorkovich Memorial op 8th"]
[Site "Taganrog"]
[Date "2013.07.24"]
[Round "3"]
[White "Kovalchuk, Alexey"]
[Black "Kim, Yana"]
[Result "0-1"]
[WhiteElo "2235"]
[BlackElo "1983"]
[PlyCount "64"]
[EventDate "2013.07.22"]
[EventType "swiss"]
[EventRounds "9"]
[EventCountry "RUS"]
[SourceTitle "CBM 155 Extra"]
[Source "ChessBase"]
[SourceDate "2013.08.26"]
[SourceVersion "1"]
[SourceVersionDate "2013.08.26"]
[SourceQuality "1"]

1. d4 Nf6 2. Bg5 g6 3. Bxf6 exf6 4. e3 Bg7 5. h4 d6 6. h5 Nd7 7. Bd3 f5 8. Ne2 Nf6 9. Ng3 Qe7 10. Qf3 c6 11. Nd2 Be6 12. 0-0-0 0-0-0 13. Rde1 Qc7 14. h6 Bf8 15. e4 fxe4 16. Ndxe4 Nxe4 17. Nxe4 Be7 18. Kb1 Rhe8 19. Nf6 Bxf6 20. Qxf6 Bxa2+ 21. Kc1 Qa5 22. c3 Bb3 23. Bb1 Qa1 24. Qf3 Be6 25. Rxe6 Rxe6 26. d5 cxd5 27. Rd1 Rde8 28. Qxd5 Re2 29. Rd2 Re1+ 30. Rd1 R8e2 31. Qb3 Rxd1+ 32. Kxd1 Rxb2 0-1

[Event "Moscow op (Women)"]
[Site "Moscow"]
[Date "2012.02.04"]
[Round "8"]
[White "Kim, Yana"]
[Black "Markova, Elizaveta"]
[Result "1-0"]
[WhiteElo "1952"]
[BlackElo "1799"]
[PlyCount "163"]
[EventDate "2012.01.28"]
[EventType "swiss"]
[EventRounds "9"]
[EventCountry "RUS"]
[SourceTitle "CBM 146 Extra"]
[Source "ChessBase"]
[SourceDate "2012.02.29"]
[SourceVersion "1"]
[SourceVersionDate "2012.02.29"]
[SourceQuality "1"]

1. Nf3 d5 2. g3 Nf6 3. Bg2 Bf5 4. 0-0 c6 5. d3 Nbd7 6. Nbd2 e5 7. Re1 Be7 8. e4 dxe4 9. dxe4 Bg4 10. h3 Bxf3 11. Nxf3 0-0 12. Nh4 g6 13. Bh6 Re8 14. Qd2 Nc5 15. Qe3 Ne6 16. c3 Qc7 17. Kh2 Rad8 18. Bf1 Qb6 19. Qf3 Nd7 20. Ng2 Bg5 21. Bxg5 Nxg5 22. Qg4 h6 23. Qe2 Nf6 24. f3 Rd2 25. Qe3 Rf2 26. Qxb6 axb6 27. Be2 Rd8 28. h4 Nxf3+ 29. Bxf3 Rxf3 30. Re2 Rdd3 31. Ne1 Rde3 32. Rg2 Rf1 33. Nc2 Ng4+ 34. Kh3 Rxa1 35. Kxg4 Rxe4+ 36. Kf3 Rae1 37. Rd2 Kg7 38. Nxe1 Rxe1 39. Kf2 Ra1 40. a3 Rh1 41. Kg2 Re1 42. Kf2 Rb1 43. Ke3 Kf6 44. Rd7 Rxb2 45. Rxb7 Rb3 46. Kd3 Ke6 47. a4 b5 48. a5 Ra3 49. Rc7 Rxa5 50. Rxc6+ Kd5 51. Rf6 Ra7 52. Rb6 Rd7 53. Rxb5+ Kc6+ 54. Kc4 e4 55. Re5 f5 56. h5 Kd6 57. Ra5 e3 58. Kd3 Re7 59. Ke2 g5 60. Rxf5 Ke6 61. Rf3 Kd5 62. Rxe3 Rc7 63. Kd3 Rc6 64. Re8 Rd6 65. c4+ Kc5+ 66. Kc3 Rc6 67. Re5+ Kd6 68. Rd5+ Ke6 69. Kd4 Ra6 70. Ke4 Ra4 71. Kd4 Ra3 72. Re5+ Kd7 73. g4 Ra4 74. Rb5 Kc6 75. Rf5 Ra1 76. Rf6+ Kd7 77. Rxh6 Rg1 78. Kd5 Rxg4 79. Rg6 Rg2 80. Rg7+ Kd8 81. h6 Rd2+ 82. Kc6 1-0

[Event "Dvorkovich Memorial op 6th"]
[Site "Taganrog"]
[Date "2011.08.09"]
[Round "9"]
[White "Kim, Yana"]
[Black "Mamonov, Alexey"]
[Result "0-1"]
[WhiteElo "1876"]
[BlackElo "2247"]
[PlyCount "80"]
[EventDate "2011.08.01"]
[EventType "swiss"]
[EventRounds "9"]
[EventCountry "RUS"]
[SourceTitle "CBM 144 Extra"]
[Source "ChessBase"]
[SourceDate "2011.10.28"]
[SourceVersion "1"]
[SourceVersionDate "2011.10.28"]
[SourceQuality "1"]

1. e4 c5 2. Nf3 Nf6 3. Nc3 Nc6 4. d4 d5 5. exd5 Nxd5 6. Nxd5 Qxd5 7. Be3 cxd4 8. Nxd4 a6 9. c4 Qd7 10. Be2 e5 11. Nxc6 Qxc6 12. 0-0 Be6 13. b3 f5 14. f4 Bc5 15. Qd3 e4 16. Qc3 Bxe3+ 17. Qxe3 a5 18. Rad1 0-0 19. Rd2 Rfd8 20. Rfd1 Rxd2 21. Rxd2 Qc7 22. Rd4 b6 23. Qd2 Kf7 24. g3 Ke7 25. Kf2 Qc5 26. Kf1 Ra7 27. Qc3 Kf7 28. Qd2 Qb4 29. Qxb4 axb4 30. Rd6 Rb7 31. Kf2 Ke7 32. Rd2 Rc7 33. Rd4 Ra7 34. Rd2 Ra5 35. Ke3 Rc5 36. Rd4 Bd7 37. Rd5 Rxd5 38. cxd5 Kd6 39. Kd4 Bc8 40. Kc4 Ba6+ 0-1

[Event "Azov Don Cup"]
[Site "Azov"]
[Date "2011.07.14"]
[Round "7"]
[White "Kim, Yana"]
[Black "Kulygin, Evgeniy"]
[Result "1-0"]
[WhiteElo "1876"]
[BlackElo "2118"]
[PlyCount "59"]
[EventDate "2011.07.09"]
[EventType "swiss"]
[EventRounds "9"]
[EventCountry "RUS"]
[SourceTitle "EXT 2012"]
[Source "ChessBase"]
[SourceDate "2011.11.24"]
[SourceVersion "1"]
[SourceVersionDate "2011.11.24"]
[SourceQuality "1"]

1. Nf3 c5 2. g3 Nf6 3. Bg2 Nc6 4. 0-0 e5 5. d3 d5 6. e4 Be7 7. Nbd2 0-0 8. Qe2 dxe4 9. dxe4 Qc7 10. c3 h6 11. Nc4 Be6 12. Nh4 Rfe8 13. Bd2 Rad8 14. Ne3 c4 15. Rad1 b5 16. Bc1 Bc5 17. Nhf5 Rxd1 18. Rxd1 Rd8 19. Nd5 Nxd5 20. Nxh6+ gxh6 21. exd5 Qd7 22. Qd2 Qc8 23. Qxh6 Ne7 24. Bg5 Nf5 25. Qh5 Ng7 26. Qh6 Bg4 27. Bxd8 Bxd1 28. Bf6 Qg4 29. d6 Bxd6 30. Be4 1-0

[Event "Azov Don Cup"]
[Site "Azov"]
[Date "2011.07.13"]
[Round "6"]
[White "Kim, Yana"]
[Black "Travkina, Anastasia"]
[Result "1/2-1/2"]
[WhiteElo "1876"]
[BlackElo "2176"]
[PlyCount "45"]
[EventDate "2011.07.09"]
[EventType "swiss"]
[EventRounds "9"]
[EventCountry "RUS"]
[SourceTitle "EXT 2012"]
[Source "ChessBase"]
[SourceDate "2011.11.24"]
[SourceVersion "1"]
[SourceVersionDate "2011.11.24"]
[SourceQuality "1"]

1. e4 c5 2. Nf3 Nc6 3. d4 cxd4 4. Nxd4 Nf6 5. Nc3 e5 6. Ndb5 d6 7. Bg5 a6 8. Na3 b5 9. Nd5 Be7 10. Bxf6 Bxf6 11. c3 0-0 12. Nc2 Bg5 13. a4 bxa4 14. Rxa4 a5 15. Na3 Ne7 16. Nc4 Bd7 17. Ra3 Be6 18. Be2 f5 19. Nxe7+ Bxe7 20. exf5 Bxf5 21. Qd5+ Kh8 22. Nxa5 Qb6 23. Qa2 1/2-1/2

[Event "Azov Don Cup"]
[Site "Azov"]
[Date "2011.07.12"]
[Round "5"]
[White "Prokhoda, Nikola"]
[Black "Kim, Yana"]
[Result "0-1"]
[WhiteElo "2200"]
[BlackElo "1876"]
[PlyCount "108"]
[EventDate "2011.07.09"]
[EventType "swiss"]
[EventRounds "9"]
[EventCountry "RUS"]
[SourceTitle "EXT 2012"]
[Source "ChessBase"]
[SourceDate "2011.11.24"]
[SourceVersion "1"]
[SourceVersionDate "2011.11.24"]
[SourceQuality "1"]

1. c4 Nf6 2. Nc3 g6 3. e4 d6 4. d4 Bg7 5. Be2 0-0 6. Nf3 e5 7. 0-0 Nbd7 8. dxe5 dxe5 9. Bg5 c6 10. Qd2 Qe7 11. Bh6 Nc5 12. Bxg7 Kxg7 13. Qg5 Re8 14. Qh4 h6 15. Nd2 Ne6 16. Nb3 Nd4 17. f3 Qb4 18. Qf2 Nxb3 19. axb3 Qxb3 20. Bd3 Be6 21. Ra3 Qb4 22. Ra4 Qd6 23. c5 Qe7 24. b4 Rad8 25. Be2 a6 26. Raa1 Rd4 27. Rab1 Red8 28. Qg3 Nh5 29. Qf2 Nf4 30. Kh1 Rd2 31. Rbd1 Nxe2 32. Rxd2 Nxc3 33. Qe3 Nb5 34. Rfd1 Nd4 35. h3 Bb3 36. Rb1 Ba4 37. Re1 Nc2 38. Rxc2 Bxc2 39. Qc3 Rd1 40. Rxd1 Bxd1 41. Qd2 Bb3 42. Qc3 Ba4 43. Qd2 Bb5 44. Kh2 Qh4 45. Qd6 Qf4+ 46. Kg1 Qe3+ 47. Kh2 Qd4 48. Qe7 Qb2 49. Qh4 Qxb4 50. Qe7 Qd4 51. f4 Qxe4 52. fxe5 Qf4+ 53. Kg1 Qe3+ 54. Kh2 Bc4 0-1

[Event "Rostov-ch"]
[Site "Rostov on Don"]
[Date "2010.??.??"]
[Round "1"]
[White "Kim, Yana"]
[Black "Ivaschenko, Vadim"]
[Result "0-1"]
[WhiteElo "1867"]
[BlackElo "2214"]
[PlyCount "55"]
[EventDate "2010.11.21"]
[EventType "swiss"]
[EventRounds "9"]
[EventCountry "RUS"]
[SourceTitle "EXT 2012"]
[Source "ChessBase"]
[SourceDate "2011.11.24"]
[SourceVersion "1"]
[SourceVersionDate "2011.11.24"]
[SourceQuality "1"]

1. e4 c6 2. d4 d5 3. Nc3 dxe4 4. Nxe4 Nd7 5. Bc4 Ngf6 6. Ng5 e6 7. Qe2 Nb6 8. Bd3 h6 9. N5f3 Bd6 10. Ne5 0-0 11. Ngf3 c5 12. c3 cxd4 13. Nxd4 Nbd5 14. 0-0 b6 15. Bd2 Bb7 16. Rad1 Qe7 17. f4 Bc5 18. f5 Rfe8 19. Rde1 a6 20. Qf2 Qd6 21. Nc4 Qd7 22. fxe6 fxe6 23. Qg3 Qc7 24. Ne5 b5 25. Bxh6 b4 26. Bd2 bxc3 27. bxc3 Rad8 28. Qh4 0-1

[Event "Rostov-ch"]
[Site "Rostov on Don"]
[Date "2010.??.??"]
[Round "4"]
[White "Samsonov, Evgeniy"]
[Black "Kim, Yana"]
[Result "0-1"]
[WhiteElo "1765"]
[BlackElo "1867"]
[PlyCount "76"]
[EventDate "2010.11.21"]
[EventType "swiss"]
[EventRounds "9"]
[EventCountry "RUS"]
[SourceTitle "EXT 2012"]
[Source "ChessBase"]
[SourceDate "2011.11.24"]
[SourceVersion "1"]
[SourceVersionDate "2011.11.24"]
[SourceQuality "1"]

1. d4 Nf6 2. c4 g6 3. Nc3 Bg7 4. e4 0-0 5. f3 d6 6. Be3 e5 7. d5 c6 8. Qd2 cxd5 9. cxd5 a6 10. a4 Nbd7 11. b4 b6 12. Bc4 Bb7 13. Nge2 Nh5 14. 0-0 f5 15. Rac1 f4 16. Bf2 g5 17. g4 fxg3 18. Nxg3 Nxg3 19. Bxg3 h5 20. Qg2 Kh7 21. Bf2 Bh6 22. Rc2 Rg8 23. Qh3 Nf6 24. Qf5+ Rg6 25. Qh3 g4 26. fxg4 Qc8 27. Be2 Nxg4 28. Bxg4 Rxg4+ 29. Bg3 h4 30. Nd1 Rxg3+ 31. Qxg3 hxg3 32. Rxc8 gxh2+ 33. Kxh2 Bxc8 34. Rf6 Bf4+ 35. Kg2 Bg4 36. Nf2 Rg8 37. Kf1 Be3 38. Rxd6 Rf8 0-1

[Event "Rostov-ch"]
[Site "Rostov on Don"]
[Date "2010.??.??"]
[Round "6"]
[White "Zinchenko, Anatoly"]
[Black "Kim, Yana"]
[Result "1/2-1/2"]
[WhiteElo "2089"]
[BlackElo "1867"]
[PlyCount "75"]
[EventDate "2010.11.21"]
[EventType "swiss"]
[EventRounds "9"]
[EventCountry "RUS"]
[SourceTitle "EXT 2012"]
[Source "ChessBase"]
[SourceDate "2011.11.24"]
[SourceVersion "1"]
[SourceVersionDate "2011.11.24"]
[SourceQuality "1"]

1. d4 Nf6 2. Nf3 g6 3. g3 Bg7 4. Bg2 0-0 5. 0-0 d6 6. c4 Nbd7 7. Nc3 e5 8. d5 Ne8 9. e4 f5 10. Ng5 Ndf6 11. f4 exf4 12. Bxf4 h6 13. Ne6 Bxe6 14. dxe6 fxe4 15. Nxe4 Qe7 16. Nxf6+ Nxf6 17. Bxb7 Rab8 18. Bd5 Rxb2 19. Qd3 Kh7 20. Rfb1 Rfb8 21. Rxb2 Rxb2 22. Rb1 Rxa2 23. c5 Ra5 24. cxd6 cxd6 25. Be4 Nxe4 26. Qxe4 Ra1 27. Rxa1 Bxa1 28. Qd5 Qf6 29. Qxd6 Qd4+ 30. Kg2 Qxd6 31. Bxd6 Kg7 32. Be7 Be5 33. Kf3 Bc3 34. Ke4 Bb4 35. Bd8 Kf8 36. Kd5 Ke8 37. Bf6 Be7 38. Bg7 1/2-1/2